000 00368 a2200169 4500
001 171368
020 _a85-08-04128-4
040 _cMagnum
100 _aFranco, Silvia Cintra
240 1 0 _aConfusões & calafrios
_lpor
245 1 0 _aConfusões & calafrios
300 _a104
362 0 _a1992
440 1 _aÁtica
697 _aLITERATURA JUVENIL
942 _cBK
999 _c171368
_d171368